• 首页
  • 本馆介绍
  • 公告通知
  • 最新文献
  • 馆藏检索
  • 电子资源
  • 读者导购
  • 参考咨询
  • 我的图书馆
  • 登录
  • 详细信息显示
  • 放入我的书架
  • 预约/预借图书
  • 作者相关作品
  • 分类相关作品
  • 丛书相关作品
  • 出版社相关作品

书目信息

  • 表格格式
  • 工作单格式
  • 卡片格式
题名:
王立群读《史记》之汉武帝
    
 
作者: 王立群 著
分册:  
出版信息: 武汉   长江文艺出版社  2007.04
页数: 261页
开本: 20cm
丛书名:
单 册:
中图分类: K204.2-49
科图分类:
主题词: 中国--通史
电子资源:
ISBN: 7-5354-3453-3
000 00594nam0 2200193 450
001 2633817546
005 20260414092601.85
010    @a7-5354-3453-3@dCNY26.00
100    @a20260414d2007 km y0chiy0120 ea
101 0  @achi
102    @aCN@b420000
200 1  @a王立群读《史记》之汉武帝@AWang Li Qun Du《Shi Ji》Zhi Han Wu Di@f王立群著@FWang Li Qun Zhu
210    @a武汉@c长江文艺出版社@d2007.04
215    @a261页@d20cm
606 0  @a中国@x通史
690    @aK204.2-49@v4
701  0 @a王立群@AWang Li Qun@4著
801  0 @aCN@b大连网信软件有限公司图书馆·11@c20260414
905    @aZUCC@dK204.2-49@e610
    
    王立群读《史记》之汉武帝/王立群著.-武汉:长江文艺出版社,2007.04
    261页;20cm
    
    
    ISBN 7-5354-3453-3:CNY26.00
    
●
相关链接 在E读中查询图书 在五车中查询图书 在当当中查询图书 在豆瓣中查询图书


正题名:王立群读《史记》之汉武帝     索取号:K204.2-49/610         预约/预借

序号 登录号 条形码 馆藏地/架位号 状态 备注
1 1442634   214426343   第二样本阅览室/ [索取号:K204.2-49/610] 在馆    
唐山师范学院图书馆 欢迎您!
大连网信软件有限公司© 版权所有